Statistics for Largest cities in Tennessee

Click here to take the quiz!

General Stats

  • This quiz has been taken 10 times
  • The average score is 6 of 8

Answer Stats

Answer % Correct
Nashville
100%
Memphis
100%
Knoxville
100%
Chatanooga
90%
Clarksville
60%
Murfreesboro
60%
Franklin
50%
Jackson
40%

Score Distribution

Percentile by Number Answered

Percent of People with Each Score

Your Score History

You have not taken this quiz